Science Quiz

Random Science Quiz

Nervous System Level 2 Quiz Stats

 Plays Quiz not verified by Sporcle

Also try: Albino Animals
Challenge
Share
Tweet
Embed
Score 0/24 Timer 10:00
0 Plays Today
Hint Answer % Correct
The 3 main parts of the Nervous system are the brain, vertebrea and nerves???
52.9%
A nerve cell is called a nervy???
52.6%
Sight, smell and gathering other senses is the job of sensory neurons???
51.9%
Sight, smell and gathering other senses is the job of motor neurons???
51.9%
The correct order of the 3 neurons is: motor, inter and then sensory???
51.9%
A reflex is an action that is performed as a response to a stimulus without conscious thought???
51.2%
A reflex is different because the signal goes to interneurons in spinal cord instead of the brain???
51.2%
Interneurons don't connect sensory neurons and motors neurons???
50.9%
The 3 main parts of the Nervous system are the brain, spinal Cord and nerves???
50.5%
Interneurons interpret signals and decide what to do with it???
50.2%
Motor neurons tell your muscles to move???
49.8%
Sensory neurons interpret signals and decide what to do with it???
49.5%
Hint Answer % Correct
Interneurons connect sensory neurons and motors neurons???
49.5%
A reflex is different because the signal goes to interneurons in the brain instead of spinal cord???
49.5%
A nerve cell is called a neuron???
49.1%
The correct order of the 3 neurons is: sensory, inter and then motor???
48.8%
A neuron is an action that is performed as a response to a stimulus without conscious thought???
48.5%
Sensory neurons tell your muscles to move???
47.4%
Interneurons exist in the spinal cord and the brain???
46.8%
Sensory neurons carry signals from your brain or spinal cord to the outer parts of your body???
46.1%
Motor neurons exist in the spinal cord and the brain???
45.7%
Sensory neurons carry signals from the outer parts of your body to your brain or spinal cord???
45.1%
Motor neurons carry signals from the outer parts of your body to your brain or spinal cord???
44.7%
Motor neurons carry signals from your brain or spinal cord to the outer parts of your body???
44.7%

You're not logged in!

Compare scores with friends on all Sporcle quizzes.
OR
Log In

You Might Also Like...

Show Comments

Extras

Created Dec 16, 2016ReportNominate
Tags:level, nervous, Nervous System, system

Top Quizzes Today


Score Distribution

Your Account Isn't Verified!

In order to create a playlist on Sporcle, you need to verify the email address you used during registration. Go to your Sporcle Settings to finish the process.

Report this User

Report this user for behavior that violates our Community Guidelines.

Details: